[Event "EU-ch 16th"]
[Site "Jerusalem"]
[Date "2015.03.04"]
[Round "8"]
[White "Gottfried, Jonathan"]
[Black "Chachashvili, Zuri"]
[Result "1-0"]
[WhiteElo "1653"]
[BlackElo "1818"]
[PlyCount "99"]
[EventDate "2015.02.24"]
[EventType "swiss"]
[EventRounds "11"]
[EventCountry "ISR"]
[SourceTitle "CBM 166"]
[Source "ChessBase"]
[SourceDate "2015.05.11"]
[SourceVersion "1"]
[SourceVersionDate "2015.05.11"]
[SourceQuality "1"]

1. d4 Nf6 2. c4 e6 3. Nc3 Bb4 4. e3 0-0 5. Nge2 d5 6. a3 Be7 7. Nf4 b6 8. cxd5 exd5 9. Bd3 Bb7 10. 0-0 Re8 11. Bd2 Nbd7 12. Rc1 c6 13. f3 c5 14. Bb1 Bd6 15. Nh3 Qb8 16. f4 Ne4 17. Nxe4 dxe4 18. Bc3 Qd8 19. Ba2 h6 20. Qh5 Qe7 21. Qe2 Nf6 22. dxc5 Bxc5 23. b4 Bd6 24. Rfd1 Rad8 25. Rd4 Bb8 26. Rcd1 Rxd4 27. Bxd4 Rc8 28. Nf2 Ne8 29. Ng4 Nc7 30. Nxh6+ gxh6 31. Qg4+ Kf8 32. Bg7+ Ke8 33. Bxh6 Ne6 34. Bxe6 Qxe6 35. Qg8+ Ke7 36. Bg5+ f6 37. Qg7+ Ke8 38. Bxf6 Qf7 39. Qh8+ Qf8 40. Qh5+ Qf7 41. Qh8+ Qf8 42. Qh7 Bc6 43. Qf5 Kf7 44. Be5+ Ke7 45. Qg5+ Ke8 46. Bxb8 Rxb8 47. Qe5+ Kf7 48. Rd6 Re8 49. Rf6+ Kg7 50. Qg5+ 1-0

[Event "EU-ch 16th"]
[Site "Jerusalem"]
[Date "2015.03.01"]
[Round "5"]
[White "Berenboym, Igor"]
[Black "Chachashvili, Zuri"]
[Result "1/2-1/2"]
[WhiteElo "2112"]
[BlackElo "1818"]
[PlyCount "124"]
[EventDate "2015.02.24"]
[EventType "swiss"]
[EventRounds "11"]
[EventCountry "ISR"]
[SourceTitle "CBM 166"]
[Source "ChessBase"]
[SourceDate "2015.05.11"]
[SourceVersion "1"]
[SourceVersionDate "2015.05.11"]
[SourceQuality "1"]

1. d4 Nf6 2. Nf3 e6 3. g3 d5 4. Bg2 Be7 5. 0-0 0-0 6. Nbd2 b6 7. c4 Bb7 8. Ne5 Nfd7 9. Nxd7 Nxd7 10. cxd5 exd5 11. Qb3 Nf6 12. Nf3 Rc8 13. Bf4 Ne4 14. Nd2 Nxd2 15. Bxd2 Bf6 16. e3 Qd7 17. Qd3 Rfe8 18. b4 Bc6 19. a4 Bxa4 20. Bxd5 Bb5 21. Bc4 Bxc4 22. Qxc4 c5 23. bxc5 bxc5 24. Qa4 Qxa4 25. Rxa4 cxd4 26. exd4 Red8 27. Be3 Rd5 28. Rb1 g6 29. Kg2 Rcd8 30. Rbb4 R8d7 31. Kf3 Kg7 32. Ke4 Bd8 33. g4 Bb6 34. g5 Rf5 35. Bf4 f6 36. gxf6+ Kxf6 37. Be5+ Ke6 38. Rb2 Rg5 39. Rc4 Rg1 40. Rc6+ Ke7 41. Rb3 Re1+ 42. Re3 Rd1 43. Rc4 Ke6 44. Rc6+ Ke7 45. Bf6+ Ke8 46. Rc8+ Kf7 47. Rf3 Ke6 48. Rc6+ Rd6 49. Rxd6+ Kxd6 50. Be5+ Kc6 51. Rf6+ Kb5 52. Rf7 Kc4 53. Rxh7 a5 54. Rg7 Bxd4 55. Bxd4 Rxd4+ 56. Ke5 Rh4 57. Rxg6 Rxh2 58. f4 a4 59. Ra6 Kb3 60. f5 a3 61. Rb6+ Kc3 62. f6 Rf2 1/2-1/2